000 003270000a22001450004500
003 MACL
040 _aMACL
090 _c32907
_d32905
100 _aRedfield, James
245 _aThe Celestine Prophecy An Experiental Guide
260 _bBantam Books
_c1995
350 _a99
650 _aGeneralities
942 _cBOOK
_k001/RED
999 _c32570
_d32570